Daň z motorových vozidiel v roku 2011 a 2012 v príkladoch
Sadzby dane z motorových vozidiel. Zistenie údajov na určenie základu dane a sadzby dane z motorových vozidiel v technickom preukaze vozidla. Znížené sadzby dane z motorových vozidiel pre vozidlá plniace normy EURO 3, resp. EURO 4 a 5. Príklad na výpočet dane z motorových vozidiel pre osobný automo...
Salvato in:
| Autore principale: | |
|---|---|
| Natura: | Capitolo di libro |
| Lingua: | slovacco |
| Soggetti: | |
| Tags: |
Nessun Tag, puoi essere il primo ad aggiungerne!!
|
MARC
| LEADER | 00000nla$a2200000$$$4500 | ||
|---|---|---|---|
| 001 | 0150312 | ||
| 005 | 20240502072713.3 | ||
| 041 | 0 | |a slo | |
| 044 | |a SK | ||
| 245 | 1 | 0 | |a Daň z motorových vozidiel v roku 2011 a 2012 v príkladoch |c Andrej Babej |
| 520 | |a Sadzby dane z motorových vozidiel. Zistenie údajov na určenie základu dane a sadzby dane z motorových vozidiel v technickom preukaze vozidla. Znížené sadzby dane z motorových vozidiel pre vozidlá plniace normy EURO 3, resp. EURO 4 a 5. Príklad na výpočet dane z motorových vozidiel pre osobný automobil využívaný celý rok. Príklad na výpočet dane z motorových vozidiel pre osobný automobil využívaný iba časť roka. Príklad na výpočet dane z motorových vozidiel pre nákladný automobil TATRA 815. | ||
| 610 | 2 | 0 | |a dane z vozidiel motorových |
| 610 | 2 | 0 | |a sadzby daňové |
| 610 | 2 | 0 | |a automobily nákladné |
| 610 | 2 | 0 | |a automobily osobné |
| 100 | 1 | |a Babej, Andrej | |